000 01491nam a2200301 i 4500
001 153400
003 ES-MaACL
005 20250816085017.0
008 931025s1767 it acf |||| | ita d
110 2 _aAccademia Ercolanese di Archeologia.
_91240
245 1 0 _aDe' bronzi di Ercolano e contorni incisi con qualche spiegazione.
_nTomo primo,
_pBusti.
246 3 _aDelle antichità di Ercolano
260 _aNapoli :
_bnella Regia Stamperia,
_c1767.
300 _a[4], XLV, 280, [10], 35, [2] p., [1] h. de lám. :
_bil. ;
_cFol. (47 x 35 cm)
505 8 _aContiene con port., pag. y sign. propias: Modello di una nave a tre ordini di remi
530 _aDisponible en formato digital.
597 _aSign.: a]-k2, A-Z2, 2A-2K2, ]\p2, a-h2.
597 _aParte de las il. son grab. que van incluidas en la pag, pero no en las sign.
597 _aPort. a dos tintas con grab. calc. "G. Morg. d., F. Morg. s.", anverso y reverso medalla de Carlos III.
599 _aLám.: grab. calc. "Camillus Paderni... delineanit, Philippus Morghen... sculp.", retrato de Carlos III.
599 _aLas il. h. de grab., 2 de ellas pleg., calc.
650 7 _aEscultura romana
_2embne
_9136052
651 _aHerculano (Ciudad desaparecida)
_9163498
710 2 _aStamperia Reale (Nápoles)
_9163497
852 4 _aES-MaACL
_jR-7
_z- Enc. pasta
856 4 _uhttps://hdl.handle.net/11441/112759
_zDepósito de Investigación Universidad de Sevilla
999 _c153400
_d153400